<?xml version="1.0" encoding="UTF-8"?>
<record
    xmlns:xsi="http://www.w3.org/2001/XMLSchema-instance"
    xsi:schemaLocation="http://www.loc.gov/MARC21/slim http://www.loc.gov/standards/marcxml/schema/MARC21slim.xsd"
    xmlns="http://www.loc.gov/MARC21/slim">

  <leader>02196agaaa2200349   4500</leader>
  <controlfield tag="001">4788</controlfield>
  <controlfield tag="003">IT-RoPAU</controlfield>
  <controlfield tag="005">20220918181230.0</controlfield>
  <controlfield tag="007">d cvaizq</controlfield>
  <controlfield tag="008">50131s9999||||xx ||| |     ||   ||und||</controlfield>
  <datafield tag="040" ind1=" " ind2=" ">
    <subfield code="a">IT-RoPAU</subfield>
    <subfield code="c">IT-RoPAU</subfield>
  </datafield>
  <datafield tag="041" ind1=" " ind2=" ">
    <subfield code="a">ITALIANO</subfield>
  </datafield>
  <datafield tag="100" ind1=" " ind2=" ">
    <subfield code="a">Truffaut Francois</subfield>
    <subfield code="g">Codice regista SPICS: 318</subfield>
    <subfield code="9">40246</subfield>
  </datafield>
  <datafield tag="130" ind1=" " ind2=" ">
    <subfield code="a">BACI RUBATI</subfield>
    <subfield code="9">40247</subfield>
  </datafield>
  <datafield tag="240" ind1=" " ind2=" ">
    <subfield code="a">BAISERS VOLES</subfield>
    <subfield code="g">T0853</subfield>
  </datafield>
  <datafield tag="245" ind1=" " ind2=" ">
    <subfield code="a">BACI RUBATI</subfield>
    <subfield code="c">Prodotto da: Berbert Marcel -- Sceneggiatura: De Givray Claude Revon Bernard Truffaut Francois -- Diretto da: Truffaut Francois</subfield>
    <subfield code="p">BACI RUBATI (Rif. Codice opera principale : H4788)</subfield>
  </datafield>
  <datafield tag="246" ind1=" " ind2=" ">
    <subfield code="a">BAISERS VOLES</subfield>
  </datafield>
  <datafield tag="250" ind1=" " ind2=" ">
    <subfield code="a">Edizione Standard</subfield>
  </datafield>
  <datafield tag="260" ind1=" " ind2=" ">
    <subfield code="a">FRANCE (FRANCIA)</subfield>
    <subfield code="b">FILM DU CARROSSE - ARTISTES ASSOC. / Distribuzione: CIAK</subfield>
    <subfield code="g">"1968 (1&#xB0; ed.: 2004 ; Ed. Lingua Orig.: 1968)"</subfield>
  </datafield>
  <datafield tag="300" ind1=" " ind2=" ">
    <subfield code="a">DVD</subfield>
    <subfield code="b">sonoro, col.</subfield>
    <subfield code="c">90 minuti</subfield>
  </datafield>
  <datafield tag="508" ind1=" " ind2=" ">
    <subfield code="a">"Fotografia: Clerval Denis; Montaggio: Guillemot Agnes; Musica: Duhamel Antoine; Sceneggiatura: De Givray Claude Revon Bernard Truffaut Francois; Scenografia: Pignot Claude; Soggetto: Truffaut Francois -- De Givray Claude"</subfield>
  </datafield>
  <datafield tag="511" ind1=" " ind2=" ">
    <subfield code="a">"Leaud Jean-Pierre; Jade Claude; Sevrig Delphine; Lonsdale Michel; Max Harry; Ceccaldi"</subfield>
  </datafield>
  <datafield tag="520" ind1=" " ind2=" ">
    <subfield code="a">"E'LA STORIA DI ANTOINE EX MILITARE CHE PASSA DA UN MESTIERE ALL'ALTRO CON DISINVOLTURA, INSEGUITO DALLA SUA RAGAZZA CHRISTINE CHE NON VUOLE FARSELO SFUGGIRE.FILM RESTAURATO. CONTENUTI EXTRA: AUDIO, FRANCESE CON SOTTOTITOLI ITALIANI; PRESENTAZIONE DEL FILM DI SERGE TOUBIANA; TRUFFAUT PARLA DEL CICLO DOINELE COMMENTA IL FILM; IL CASO LANGLOIS; SPOT A SOSTEGNO DI HENRI LANGLOIS; FESTIVAL DI CANNES 1968; TRAILER. COMMENTO AUDIO AL FILM DI CLAUDE JADE E CLAUDE DE GIVRAY INTERVISTATI DA SERGE TOUBIANA"</subfield>
  </datafield>
  <datafield tag="538" ind1=" " ind2=" ">
    <subfield code="a">PAL, STEREO</subfield>
  </datafield>
  <datafield tag="546" ind1=" " ind2=" ">
    <subfield code="a">ITALIANO</subfield>
  </datafield>
  <datafield tag="650" ind1=" " ind2=" ">
    <subfield code="a">COMMEDIA</subfield>
    <subfield code="e">DVD-FILM [DVD]</subfield>
    <subfield code="x">Codice MATERIA SPICS: 9947</subfield>
    <subfield code="9">36668</subfield>
  </datafield>
  <datafield tag="700" ind1=" " ind2=" ">
    <subfield code="a">De Givray Claude </subfield>
    <subfield code="e">(soggetto)</subfield>
    <subfield code="g">Codice Soggetto 2&#xB0; SPICS: 27803</subfield>
    <subfield code="9">40248</subfield>
  </datafield>
  <datafield tag="700" ind1=" " ind2=" ">
    <subfield code="a">Duhamel Antoine</subfield>
    <subfield code="e">(musica)</subfield>
    <subfield code="g">Codice Musica SPICS: 23579</subfield>
    <subfield code="9">40249</subfield>
  </datafield>
  <datafield tag="700" ind1=" " ind2=" ">
    <subfield code="a">Truffaut Francois </subfield>
    <subfield code="e">(regista)</subfield>
    <subfield code="g">Codice regista SPICS: 318</subfield>
    <subfield code="9">40250</subfield>
  </datafield>
  <datafield tag="700" ind1=" " ind2=" ">
    <subfield code="a">Truffaut Francois </subfield>
    <subfield code="e">(soggetto)</subfield>
    <subfield code="g">Codice Soggetto SPICS: 318</subfield>
    <subfield code="9">40251</subfield>
  </datafield>
  <datafield tag="942" ind1=" " ind2=" ">
    <subfield code="c">DV</subfield>
    <subfield code="2">ddc</subfield>
  </datafield>
  <datafield tag="999" ind1=" " ind2=" ">
    <subfield code="c">105233</subfield>
    <subfield code="d">105233</subfield>
  </datafield>
  <datafield tag="952" ind1=" " ind2=" ">
    <subfield code="0">0</subfield>
    <subfield code="1">0</subfield>
    <subfield code="4">0</subfield>
    <subfield code="6">H_4788_000000000000000</subfield>
    <subfield code="7">1</subfield>
    <subfield code="a">SPICS</subfield>
    <subfield code="b">SPICS</subfield>
    <subfield code="d">2015-01-31</subfield>
    <subfield code="l">0</subfield>
    <subfield code="o">H4788</subfield>
    <subfield code="r">2015-01-31 00:00:00</subfield>
    <subfield code="w">2015-01-31</subfield>
    <subfield code="y">DV</subfield>
    <subfield code="z">Progr. Ins.: 3150 / N.Vol.:1 / Copie: 1 / Pag.:0 / Copia rara: n.d. / date import: 1.2.2015 / By Epidotti, Trombetti, Vaglietti</subfield>
  </datafield>
</record>
